000 01067nam a2200229Ia 4500
001 17598
005 20260401123658.0
008 260306s9999||||xx |||||||||||||| ||und||
041 _aESP
082 _a658.1
_bA39
100 _aAlexander Servat, Alberto G.
_eAUT
245 0 _aMejora continua y acción correctiva
260 _c2002
300 _axv, 247 páginas :
_c23 cm.
650 _aGEN
654 _aCAN
856 _uhttps://itmsp.museknowledge.com/UCSP?url=https://www.ebooks7-24.com:443/?il=16782&pg=1
_zVéase además: Reinvéntate: el poder de reiniciar, re-imaginarlo todo y co-crear. Versión digital
856 _uhttps://0u213uxfq-y-https-ebooks7--24-com.itmsp.museknowledge.com/biblioteca.aspx
_zVéase además: Base de datos Ebook7-24
856 _uhttps://0u20fuxfr-y-https-research-ebsco-com.itmsp.museknowledge.com/c/qxo6us/search
_zVéase además: Base de datos EBSCOhost
856 _uhttps://0u20yuxft-y-https-www-bibliotechnia-com-mx.itmsp.museknowledge.com/
_zVéase además: Base de datos BiblioTechnia
942 _cLIB
_dJUS
_fJUS
_2ddc
999 _c17598
_d17598